000 00652cab a2200181 4500
001 L130245
008 050706n2005 000 0 eng u
035 _a(Sirsi) u130245
041 _aeng
100 _aFox-Edwards, Jane
245 _aHow not to get lost in the process
260 _c2005
490 _aEstates Gazette
_v(0525) 25 June 2005, 184-186(3)
520 _aSurveyors are increasingly becoming involved in dealing with lease renewals. Advises surveyors on how to avoid negligence claims when processing lease renewals.
590 _aIKA190705
690 _aMANAGEMENT-BUSINESS MANAGEMENT-PROFESSIONAL PRACTICE-NEGLIGENCE
942 _n0
999 _c75513
_d75513